Normal view
MARC view
- Zhiguang Wang
Entry Personal Name
001 - CONTROL NUMBER
- control field: 86513
003 - CONTROL NUMBER IDENTIFIER
- control field: NUST
005 - DATE AND TIME OF LATEST TRANSACTION
- control field: 20211213125222.0
008 - FIXED-LENGTH DATA ELEMENTS
- fixed length control field: 211213|| aca||aabn | a|a d
040 ## - CATALOGING SOURCE
- Original cataloging agency: NUST
- Transcribing agency: NUST
100 ## - HEADING--PERSONAL NAME
- Personal name: Zhiguang Wang
670 ## - SOURCE DATA FOUND
- Source citation: Work cat.: (NUST): Zhiguang Wang, A concise history reader of the People's Republic of China /, 2016
